| 000 | 01246nam a22003498i 4500 | ||
|---|---|---|---|
| 001 | 019602767 | ||
| 003 | EG-ScBUE | ||
| 005 | 20230212045729.0 | ||
| 008 | 191029t2020 paua f b 001 0 eng d | ||
| 020 | _a9781975126360 (pbk.) | ||
| 020 | _a197512636X | ||
| 040 |
_aStDuBDS _beng _erda _cStDuBDS _dEG-ScBUE |
||
| 082 | 0 | 4 |
_a616.890231 _222 _bVID |
| 100 | 1 |
_aVidebeck, Sheila L., _eauthor. |
|
| 245 | 1 | 0 |
_aPsychiatric-mental health nursing / _cSheila L. Videbeck, professor emeritus, Des Moines Area Community College, Ankeny, Iowa ; illustrations by Cathy J. Miller. |
| 250 | _aEighth edition. | ||
| 250 | _aInternational edition. | ||
| 264 | 1 |
_aPhiladelphia : _bLippincott Williams & Wilkins, _c[2020] |
|
| 264 | 4 | _cc2020 | |
| 300 |
_axiv, 525 pages : _billustrations (color) ; _c32 cm |
||
| 336 |
_atext _2rdacontent _btxt |
||
| 336 |
_astill image _2rdacontent _btxt |
||
| 337 |
_aunmediated _2rdamedia _bn |
||
| 338 |
_avolume _2rdacarrier _bnc |
||
| 500 | _aPrevious edition: Philadelphia: Wolters Kluwer, 2017. | ||
| 504 | _aIncludes bibliographical references and index. | ||
| 650 | 7 |
_aPsychiatric nursing. _2BUEsh |
|
| 653 |
_bNNUR _cFebruary2023 |
||
| 655 | _vReading book | ||
| 942 |
_2ddc _cBB |
||
| 999 |
_c30122 _d30093 |
||